Normal view
MARC view
Entry Personal Name
001 - CONTROL NUMBER
- control field: 44301
003 - CONTROL NUMBER IDENTIFIER
- control field: ARRUPE
005 - DATE AND TIME OF LATEST TRANSACTION
- control field: 20190131103120.0
008 - FIXED-LENGTH DATA ELEMENTS
- fixed length control field: 190131|| aca||aabn | a|a d
040 ## - CATALOGING SOURCE
- Original cataloging agency: ARRUPE
- Transcribing agency: ARRUPE
100 ## - HEADING--PERSONAL NAME
- Personal name: Hogben, Lancelot Thomas,
- Dates associated with a name: 1895-1975.
670 ## - SOURCE DATA FOUND
- Source citation: Work cat.: (ARRUPE)0: Hogben, Lancelot Thomas, 1895-1975., Beginnings and blunders; or, Before science began, 1970